| 000 | 00898nam a22002297a 4500 | ||
|---|---|---|---|
| 001 | 55364 | ||
| 003 | BD-RjUL | ||
| 005 | 20211209080244.0 | ||
| 008 | 161116s1987 ii ||||| |||| 00| 0 ben d | ||
| 035 | _a(BD-RjUL)55486 | ||
| 040 |
_aBD-RjUL _bben _cBD-RjUL |
||
| 041 | _aben | ||
| 082 |
_223 _a954.02 _bCHB 1987 |
||
| 100 |
_aচট্রোপাধ্যায়, সুনীল _9164923 |
||
| 245 | 1 | 0 |
_aপ্রাচীন ভারতের ইতিহাস / _cসুনীল চট্রোপাধ্যায় |
| 260 |
_aকলিকাতা : _bপশ্চিমবঙ্গ রাজ্য পুস্তক পরিষদ, _c১৯৮৭ [১৩৯৪] |
||
| 300 |
_a খণ্ড. ; _c২১ সেমি . |
||
| 505 | 0 | _aখণ্ড ২ -- | |
| 651 |
_aভারত _xইতিহাস _9164924 |
||
| 651 |
_aIndia _xHistory _9164925 |
||
| 942 |
_2ddc _cBK |
||
| 999 |
_c55364 _d55364 |
||